Fr. Conceicao Rodrigues College of Engineering

Industrial Engineering And Production Management (Record no. 33382)

MARC details
000 -LEADER
fixed length control field 00389nam a2200169Ia 4500
082 ## - DEWEY DECIMAL CLASSIFICATION NUMBER
Item number MAH
100 ## - MAIN ENTRY--PERSONAL NAME
Personal name Mahajan/M
245 ## - TITLE STATEMENT
Title Industrial Engineering And Production Management
260 ## - PUBLICATION, DISTRIBUTION, ETC.
Name of publisher, distributor, etc. DHANPAT RAI AND SONS
Date of publication, distribution, etc. 2019
366 ## - TRADE AVAILABILITY INFORMATION
Publishers's discount category 14
300 ## - PHYSICAL DESCRIPTION
Extent 1136
546 ## - LANGUAGE NOTE
Language note ENGLISH
650 ## - SUBJECT ADDED ENTRY--TOPICAL TERM
Topical term or geographic name entry element Industrial engineering
654 ## - SUBJECT ADDED ENTRY--FACETED TOPICAL TERMS
Focus term industrial engineering
942 ## - ADDED ENTRY ELEMENTS (KOHA)
Koha item type BOOK
Holdings
Withdrawn status Lost status Damaged status Not for loan Collection Home library Current library Date acquired Source of acquisition Cost, normal purchase price Inventory number Total Checkouts Full call number Barcode Date last seen Cost, replacement price Price effective from Koha item type
        CRC Fr. Agnel's C.Rodrigues College of Engineering Fr. Agnel's C.Rodrigues College of Engineering 17/03/2023 Shroff Publishers 537.50 01465 dt 01.08.2019   MAH 25663 17/03/2023 625.00   BOOK